Les Plus Grands Lacs du Canada - Statistiques

Statistiques générales
  • Ce quiz a été pris 32 fois
  • Le résultat moyen est 5 sur 10
Statistiques - réponses
Taille en km² Lacs % Correct
82 100 Lac Supérieur
89%
25 700 Lac Érié
70%
18 960 Lac Ontario
70%
59 600 Lac Huron
67%
28 930 Grand lac des Esclaves
59%
31 800 Grand lac de l'Ours
48%
24 400 Lac Winnipeg
41%
7 935 Lac Athabasca
15%
6 650 Lac Reindeer
0%
6 527 Réservoir Smallwood
0%
Aucun quiz correspondant
Distribution des résultats
% des personnes avec chaque résultat
Percentile par nombre de réponses
Votre historique - résultats
Vous n’avez pas pris ce quiz